01005nam a2200205Ia 4500008004100000040003800041041000800079084000900087100004000096245022400136260002900360300002700389336002900416337003300445338002800478502010300506942005400609999001500663952012100678250911t1984||||xx |||||||||||||| ||spa|| agtgcuscobspacgtgcuscodgtgcusco aspa aT811 aChea Urruela, Hilda Lucrecia915727 0aEstudio sobre la relación entre el grado de mineralización de los huesos de la mano y muñeca y de las piezas dentales permanentes en una muestra de niños de la Escuela Pablo VI del municipio de Mixco, Guatemala. aGuatemala :bUSAC,c1984 a98 p. :bil. :c27 cm. atextobtxt2rdacontenido aSin mediaciónbn2rdamedio avolumenbnc2rdasoporte aTesis (Cirujano Dentista) -- Universidad de San Carlos de Guatemala, Facultad de Odontología. -- aBiblioteca Facultad de OdontologíacTESISkT811 c6989d6989 00104070aODONTObODONTOcTesisd2025-09-11i10-H-s.n.l0oT811pT00000897r2025-09-11 08:06:12w2025-09-11yTESIS